|
|
|
|
| LEADER |
00000nab a2200000 a 4500 |
| 001 |
vtls009006082 |
| 003 |
SK-MaSNL |
| 005 |
20260303065725.0 |
| 008 |
070710c20070515xo dr n 000 00slo |
| 038 |
|
|
|a SVKPOCL
|
| 040 |
|
|
|a SVKPOCL
|b slo
|c AACR2
|e AACR2
|
| 041 |
|
|
|a slo
|
| 044 |
|
|
|a xo
|c SK
|
| 080 |
|
|
|a 796.015.52
|2 2001
|
| 080 |
|
|
|a 796.893
|2 2001
|
| 100 |
1 |
|
|a Miroľa, Ján,
|d 1967-
|4 aut
|9 95716
|
| 245 |
1 |
0 |
|a Nechýba mu zdravie, motivácia, chuť...
|b M. Namešpetra sa stal majstrom Slovenska
|c [autor] (jm)
|
| 300 |
|
|
|a Fotogr.
|
| 600 |
1 |
7 |
|a Namešpetra, Marek
|2 svkpocl
|9 1066170
|
| 600 |
1 |
7 |
|a Horňáková, Mártina
|2 svkpocl
|9 488197
|
| 650 |
0 |
7 |
|a fitnes
|2 svkpocl
|9 31481
|
| 650 |
0 |
7 |
|a wellness
|2 svkpocl
|9 81430
|
| 650 |
0 |
7 |
|a telesné cvičenia
|2 svkpocl
|9 707
|
| 650 |
0 |
7 |
|a zdravý životný štýl
|2 svkpocl
|9 68571
|
| 651 |
|
7 |
|a Prešov (Slovensko)
|2 svkpocl
|9 17347
|
| 773 |
0 |
|
|t Prešovský večerník
|g Roč. XVIII, č. 4198 (15.5.2007)
|x 1336-4030
|
| 773 |
0 |
8 |
|i Príl.:
|t Šport Plus
|g Č. 19 (15. mája 2007), s. 7
|
| 852 |
|
|
|a SVKPO
|b KIS3GCP
|
| 856 |
4 |
1 |
|u www.vecernik.po.sk
|
| 958 |
|
|
|a RG
|
| 999 |
|
|
|c 1752371
|d 1754301
|